000 00463 a2200181 4500
001 068327
003 OSt
005 20220216100840.0
008
082 _a511
_bL94D
100 1 _aLovasz, L.
245 1 _aDiscrete mathematics
_cby L. Lovasz and J. Pelikan
260 _aNew York
_bSpringer
_c2008
300 _a290p.
653 _aMathematics; Computer science--Mathematics
700 _aPelikan, J.
942 _2ddc
_cBK
999 _c2012
_d2012